Statistics for Empires that Used to Have Colonies in Africa

Click here to take the quiz!

General Stats

  • This quiz has been taken 1,287 times
    (1,138 since last reset)
  • The average score is 12 of 16

Answer Stats

Countries ControlledEmpire / Country / Kingdom% Correct
South Africa, Guinea, Egypt,
Sudan, Kenya, Botswana, Zambia,
Zimbabwe, Seychelles, Mauritius,
Sierra Leone, Ghana, South Sudan,
Nigeria, Gambia, Guinea, Ivory Coast
British Empire
99%
Comoros, Madagascar, Djibouti, Benin,
Senegal, Niger, Mali, Chad,
Mauritania, Burkina Faso
France
99%
Angola, Mozambique, Cape Verde,
São Tomé and Príncipe, Guinea Bissau
Portuguese
Empire
98%
Morocco, Equatorial GuineaSpainish Empire
98%
Cameroon, Togo, Tanzania, NamibiaGerman Empire
97%
DRC, Rwanda, BurundiBelgian Empire
95%
Libya, Somalia, EritreaItalian Empire
94%
South AfricaDutch Empire
90%
LiberiaUnited States
83%
Tanzania, Mozambique, SomaliaOmani Empire
70%
DjiboutiRussian Empire
67%
GhanaSwedish Empire
64%
GhanaDanish Empire
61%
South AfricaKingdom of Norway
47%
GambiaCourland
11%
Mauritania, GhanaBrandenburg
4%

Score Distribution

Percentile by Number Answered

Percent of People with Each Score

Your Score History

You have not taken this quiz since the last reset